000 00664nam a2200265Ia 4500
005 20260121170651.0
008 008 260114s9999 xx 000 0 eng d
020 _a9783319789972
037 _aEBOOK
040 _aCRL
040 _beng
040 _cCRL
041 _2eng
041 _aeng
084 _qCRL
100 _aCraig L. Frisby, William T. O'Donohue
_91066699
245 0 _aCultural Competence in Applied Psychology
260 _bSpringer
260 _bSpringer
260 _c2018
856 _uhttps://link.springer.com/openurl?genre=book&isbn=978-3-319-78997-2
942 _cEBOOK
999 _c1632429
_d1632429